000 00475pab a2200157 454500
008 180718b2015 xxu||||| |||| 00| 0 eng d
100 _aSingh, Anantdeep
245 _aZamindars, inheritance law and the spread of the waqf in the United Provinces at the turn of the 20th century
260 _c2015
300 _ap.501-532.
362 _aOct-Dec
650 _aHindu law
650 _aIslamic law
773 _aIndian Economic and Social History Review
909 _a110103
999 _c110098
_d110098